| 000 | 00495cam a22001814a 4500 | ||
|---|---|---|---|
| 005 | 20250605164250.0 | ||
| 008 | 250528s ||||||||||||||||||||||||d | ||
| 035 | _a21704 | ||
| 040 |
_aGR-AtMCL _bgre _dGR-AtMCL _eAACR2 |
||
| 245 | 1 | _aΣΥΜΠΕΡΑΣΜΑΤΑ-ΠΕΡΙΛΗΨΕΙΣ | |
| 250 | _a1 | ||
| 300 | _a55 | ||
| 700 | 1 |
_aΒασιλοπουλος Γεωργιος Νικολαος Α _97643 |
|
| 942 | _cBK | ||
| 260 | _bΤο Γυροσκοπιο | ||
| 999 |
_c6764 _d6764 |
||